000 00732nam a2200241Ia 4500
003 OSt
005 20220923224054.0
006 a|||||r|||| 00| 0
007 ta
008 Pun
024 _a224,670
037 _cTextual
040 _aARTS
_cARTS
_bPun
041 _2Pun
_aPun
082 _aO153:gxN191,1, M6;N9.2
100 _aਅਮ੍ਰੀਤਾ ਪ੍ਰੀਤਮ
245 0 _aਆFਕ ਭੋਰ ਫ਼ਕੀਰ ਤੇ ਨਾਗ ਕਾਲੇ
260 _aਦਿੱਲੀ
_b Fਿਲਾਲੇਖ
_c1998
300 _a286ਪੰ
_ccm.
650 _aਪੰਜਾਬੀ ਸਾਹਿਤ
942 _hO153:gxN191,1, M6;N9.2
_cTEXL
_2CC
999 _c369036
_d369036